Rimas de Fernando de Herrera / (Record no. 155367)
[ view plain ]
| 000 -LEADER | |
|---|---|
| campo de control de longitud fija | 01235nam a22002775i 4500 |
| 001 - NÚMERO DE CONTROL | |
| campo de control | 155367 |
| 003 - IDENTIFICADOR DE NÚMERO DE CONTROL | |
| campo de control | ES-MaACL |
| 005 - FECHA Y HORA DE LA ÚLTIMA TRANSACCIÓN | |
| campo de control | 20251003063136.0 |
| 008 - DATOS DE LONGITUD FIJA--INFORMACIÓN GENERAL | |
| campo de control de longitud fija | 040720s1808 sp |||| | spa d |
| 040 ## - FUENTE DE CATALOGACIÓN | |
| Centro catalogador/agencia de origen | CAM |
| Lengua de catalogación | spa |
| Centro/agencia transcriptor | CAM |
| 100 1# - ENTRADA PRINCIPAL--NOMBRE DE PERSONA | |
| Nombre de persona | Herrera, Fernando de, |
| Fechas asociadas al nombre | 1534-1597 |
| 9 (RLIN) | 63190 |
| 245 10 - MENCIÓN DEL TÍTULO | |
| Título | Rimas de Fernando de Herrera / |
| Mención de responsabilidad, etc. | por Don Ramon Fernandez ; tomo IV. |
| 260 ## - PUBLICACIÓN, DISTRIBUCIÓN, ETC. | |
| Lugar de publicación, distribución, etc. | Madrid : |
| Nombre del editor, distribuidor, etc. | Imprenta Real, |
| Fecha de publicación, distribución, etc. | 1808. |
| 300 ## - DESCRIPCIÓN FÍSICA | |
| Extensión | 87, [1] en bl., 231 p., [1] en bl., ; |
| Dimensiones | 16 cm. |
| 490 1# - MENCIÓN DE SERIE | |
| Mención de serie | Colección de poetas españoles ; |
| Designación de volumen o secuencia | 4 |
| 500 ## - NOTA GENERAL | |
| Nota general | Obra perteneciente a "Colección de poetas castellanos", según Aguilar, III, 1557. |
| 530 ## - NOTA DISPONIBLE DE FORMULARIO FÍSICO ADICIONAL | |
| Nota de formato físico adicional disponible | Disponible también en sitio web. |
| 594 ## - Nota al título y mención de responsabilidad | |
| Nota al título y mención de responsabilidad | Palau t.III señala que Ramón Fernández es seudónimo de Pedro Estala. |
| 597 ## - NOTA DE DESCRIPCIÓN FÍSICA | |
| NOTA DE DESCRIPCIÓN FÍSICA | Escudo real xilográfico en portada. |
| 597 ## - NOTA DE DESCRIPCIÓN FÍSICA | |
| NOTA DE DESCRIPCIÓN FÍSICA | a-e8, f4, A-O8, P4. |
| 700 1# - ENTRADA AGREGADA--NOMBRE PERSONAL | |
| Nombre de persona | Estala, Pedro, |
| Fechas asociadas al nombre | 1757-1815 |
| 9 (RLIN) | 48003 |
| 830 0# - PUNTO DE ACCESO ADICIONAL DE SERIE-TÍTULO UNIFORME | |
| Título uniforme | Colección de poetas españoles ; |
| Designación de volumen o secuencia | 4 |
| 9 (RLIN) | 221557 |
| 852 ## - LOCALIZACIÓN | |
| Ubicación | ES-MaACL |
| Número de control de estantería | R-3104-12 |
| Encuadernación | Olim:G-13256-64 |
| Nota libre | -- Enc. hol. |
| -- | -- 2 t. en 1 v. |
| 856 ## - LOCALIZACIÓN Y ACCESO ELECTRÓNICOS | |
| Identificador Uniforme de Recursos | <a href="http://bibliotecadigitalhispanica.bne.es:80/webclient/DeliveryManager?pid=3040681&custom_att_2=simple_viewer">http://bibliotecadigitalhispanica.bne.es:80/webclient/DeliveryManager?pid=3040681&custom_att_2=simple_viewer</a> |
| Nota pública | Ir a la página |
| Estatus retirado | Estado de pérdida | Estado de daño | No para préstamo | Colección | Biblioteca de origen | Biblioteca actual | Ubicación en estantería | Fecha de adquisición | Total de préstamos | Signatura topográfica completa | Código de barras | Visto por última vez | Precio de reemplazo | Tipo de ítem Koha |
|---|---|---|---|---|---|---|---|---|---|---|---|---|---|---|
| Colección digital | Biblioteca del Ateneo de Madrid | Biblioteca del Ateneo de Madrid | Depósito | 17/01/2008 | R-3104-12 | 1162519 | 23/02/2023 | 23/02/2023 | Libro impreso antiguo |
